| 000 | 01197cam a22002895a 4500 | ||
|---|---|---|---|
| 005 | 20180503124555.0 | ||
| 008 | 070927s2006 vtua gr b 001 0beng d | ||
| 020 | _a1594771537 | ||
| 020 | _a9781594771538 | ||
| 040 |
_aDLC _cDLC _dDLC _dEG-ScBUE _beng |
||
| 043 | _aa-su--- | ||
| 082 | 0 | 4 |
_222 _a297.63 _bLIN |
| 100 | 1 | _aLings, Martin. | |
| 245 | 1 | 0 |
_aMuhammad : _bhis life based on the earliest sources / _cMartin Lings. |
| 250 | _a2nd. ed., Revised ed. | ||
| 260 |
_aRochester : _bInner Traditions, _c2006. |
||
| 300 |
_ax, 374 p. : _bill. ; _c24 cm. |
||
| 504 | _aIncludes bibliographical references and index. | ||
| 600 | 7 |
_aMuhammad _cProphet _d-632 _vBiography. |
|
| 650 | 7 |
_aMuslims _zSaudi Arabia _vBiography. _2BUEsh |
|
| 653 |
_bGGEN _cApril2018 _cMay2018 |
||
| 856 | 4 | 1 |
_3Sample text _uhttp://www.loc.gov/catdir/enhancements/fy0801/2007279734-s.html |
| 856 | 4 | 2 |
_3Contributor biographical information _uhttp://www.loc.gov/catdir/enhancements/fy0801/2007279734-b.html |
| 856 | 4 | 2 |
_3Publisher description _uhttp://www.loc.gov/catdir/enhancements/fy0801/2007279734-d.html |
| 856 | 4 | 1 |
_3Table of contents only _uhttp://www.loc.gov/catdir/enhancements/fy0801/2007279734-t.html |
| 942 | _2ddc | ||
| 999 |
_c26561 _d26533 |
||